Матрона из Эфеса

Podrobná bibliografie
Hlavní autor: Петроний Арбитр Г. (Т.) Гай (Тит)
Další autoři: Гидони Г. И. Григорий Иосифович (переводчик автор предисловия иллюстратор), Гумилев Н. С. Николай Степанович (автор предисловия)
Shrnutí:Нумерация страниц отсутствует
Репринтное воспроизведение издания 1923 г.. Отпечатано в гос. тип. аренд. Б. Я. Авидон.
Jazyk:ruština
Vydáno: Ленинград, СПРУ Фонда Возрождения Ленинграда, 1990
Vydání:Репр. изд.
Témata:
Médium: MixedMaterials Kniha
KOHA link:https://koha.lib.tpu.ru/cgi-bin/koha/opac-detail.pl?biblionumber=162792

MARC

LEADER 00000nam0a2200000 4500
001 162792
005 20240507093943.0
035 |a (RuTPU)RU\TPU\book\176576 
090 |a 162792 
100 |a 20090626e1990 m y0rusy50 ca 
101 1 |a rus  |c lat 
102 |a RU 
105 |a a z 000dy 
200 1 |a Матрона из Эфеса  |f Г. (Т.) Петроний Арбитр  |g пер. с лат., послесл. и примеч. Г. И. Гидони ; авт. предисл. Н. С. Гумилев ; гравюры на дереве Г. Гидони 
205 |a Репр. изд. 
210 |a Ленинград  |c СПРУ Фонда Возрождения Ленинграда  |d 1990 
215 |a [23] с.  |c 12 грав.  |d 16,5 см. 
300 |a Нумерация страниц отсутствует 
300 |a Репринтное воспроизведение издания 1923 г.. Отпечатано в гос. тип. аренд. Б. Я. Авидон. 
320 |a Постраничные примеч. 
610 1 |a античная литература 
686 |a Ч611.68  |v LBC/SL-A  |2 rubbk 
700 1 |a Петроний Арбитр  |b Г. (Т.)  |c римский писатель  |f ?-66 н. э.  |g Гай (Тит)  |2 stltpush  |3 (RuTPU)RU\TPU\pers\24383  |9 10784 
702 1 |a Гидони  |b Г. И.  |c российский художник, изобретатель, литератор  |f 1895-1937  |g Григорий Иосифович  |2 stltpush  |3 (RuTPU)RU\TPU\pers\15691  |4 730  |4 080  |4 440  |9 5467 
702 1 |a Гумилев  |b Н. С.  |c русский поэт  |f 1886-1921  |g Николай Степанович  |2 stltpush  |3 (RuTPU)RU\TPU\pers\1218  |4 080  |9 542 
801 1 |a RU  |b 63413507  |c 20090626  |g PSBO 
801 2 |a RU  |b 63413507  |c 20090629  |g PSBO 
942 |c BK